British Birds by Picture - Pipits - Statistics

General Stats
  • This quiz has been taken 7 times
  • The average score is 7 of 11
Answer Stats
Picture Hint Answer % Correct
Anthus trivialis Tree Pipit
100%
Anthus spinoletta Water Pipit
100%
Anthus petrosus European Rock Pipit
80%
Anthus pratensis Meadow Pipit
80%
Anthus richardi Richard's Pipit
80%
Anthus godlewskii Blyth's Pipit
60%
Anthus hodgsoni Olive-Backed Pipit
60%
Anthus cervinus Red-Throated Pipit
60%
Anthus rubescens American Pipit
40%
Anthus gustavi Pechora Pipit
40%
Anthus campestris Tawny Pipit
40%
No matching quizzes found
Score Distribution
Percent of People with Each Score
Percentile by Number Answered
Your Score History
You have not taken this quiz